logo

Bir Sreshtho Munshi Abdur Rouf Library
Jhenaidah Cadet College

Dictionary of synonyms and antonyms : (Record no. 5243)

MARC details
000 -LEADER
fixed length control field 00784nam a2200265 a 4500
001 - CONTROL NUMBER
JCCL Control Number 5243
003 - CONTROL NUMBER IDENTIFIER
JCCL marc code BD-JhCC
005 - DATE AND TIME OF LATEST TRANSACTION
control field 20171211163834.0
008 - FIXED-LENGTH DATA ELEMENTS--GENERAL INFORMATION
fixed length control field 171211s2004 bg |||| b||| 000 0 mul d
020 ## - INTERNATIONAL STANDARD BOOK NUMBER
International Standard Book Number 984848714X
035 ## - SYSTEM CONTROL NUMBER
system control number (BD-JhCC)5243
040 ## - CATALOGING SOURCE
Original cataloging agency BD-JhCC
Modifying agency BD-JhCC
041 ## - LANGUAGE CODE
Language code of Book English and Bengali
082 ## - DEWEY DECIMAL CLASSIFICATION NUMBER
Classification number 423.1
Author mark and Year RAH 2004
100 ## - MAIN ENTRY--PERSONAL NAME
Personal name Rahman, Md. Safiur
245 ## - TITLE STATEMENT
Title Dictionary of synonyms and antonyms :
Remainder of title with subtle differences of meanings /
Statement of responsibility, etc Md. Safiur Rahman.
250 ## - EDITION STATEMENT
Edition statement 2nd Edi.
260 ## - PUBLICATION, DISTRIBUTION, ETC. (IMPRINT)
Place of publication, distribution, etc Dhaka :
Name of publisher, distributor, etc Rohel Publications,
Date of publication, distribution, etc 2004.
300 ## - PHYSICAL DESCRIPTION
Pagination 541 p. :
Dimensions 21 cm.
504 ## - BIBLIOGRAPHY, ETC. NOTE
Bibliography, etc Includes Bibliographical Reference.
650 ## - SUBJECT ADDED ENTRY--TOPICAL TERM
Topical term or geographic name as entry element English Language
General subdivision synonyms and antonyms
710 ## - ADDED ENTRY--CORPORATE NAME
Corporate name or jurisdiction name as entry element Rohel Publications, Dhaka
942 ## - ADDED ENTRY ELEMENTS (KOHA)
Source of classification or shelving scheme Dewey Decimal Classification
Koha item type Books
Holdings
Source of classification or shelving scheme Damaged status Not for loan Home library Current library Shelving location Date of accession Cost, normal purchase price Total Checkouts Full call number Barcode Date last seen Copy number Koha item type
Dewey Decimal Classification   Not For Loan JCC Rouf Library JCC Rouf Library General Stacks 12/11/2017 190.00   423.1 RAH 2004 7253 12/11/2017 C-1 Books

JCC Library | Contacts | JCC Home

Last Update on 23 September 2017
Copyright @ 2017-2020 JCC Rouf Library
Rouf Library, Jhenidah Cadet College (JCC), Bangladesh